Statistics for Bands with Female Singer

Click here to take the quiz!

General Stats

  • This quiz has been taken 1,013 times
  • The average score is 8 of 19

Answer Stats

HintAnswer% Correct
Beyoncé KnowlesDestiny's Child
90%
Gwen StefaniNo Doubt
88%
Debbie HarryBlondie
76%
Courtney LoveHole
73%
Annie LennoxEurythmics
67%
Florence WelchFlorence and the Machine
61%
Lauryn HillFugees
61%
Shirley MansonGarbage
51%
Chrissie HyndeThe Pretenders
50%
Dolores O'RiordanThe Cranberries
49%
Siouxsie SiouxSiouxsie and the Banshees
41%
The SugarcubesBjörk
25%
Beth DittoGossip
23%
Kim GordonSonic Youth
22%
Karen OYeah Yeah Yeahs
22%
Juliette LewisJuliette and the Licks
10%
Beth GibbonsPortishead
9%
Alison MosshartThe Kills
9%
LovefoxxxCSS
6%

Score Distribution

Percentile by Number Answered

Percent of People with Each Score

Your Score History

You have not taken this quiz